Seeing Both Sides / Classic Controversies in Abnormal Psychology (Record no. 3449)
[ view plain ]
| 000 -LEADER | |
|---|---|
| fixed length control field | 01621cam a22001934a 4500 |
| 005 - ΗΜΕΡΟΜΗΝΙΑ ΚΑΙ ΩΡΑ ΤΕΛΕΥΤΑΙΑΣ ΕΝΗΜΕΡΩΣΗΣ | |
| Πεδίο ελέγχου | 20250605164115.0 |
| 008 - FIXED-LENGTH DATA ELEMENTS--GENERAL INFORMATION | |
| Πεδίο ελέγχου σταθερού μήκους | 250528s ||||||||||||||||||||||||d |
| 035 ## - SYSTEM CONTROL NUMBER | |
| System control number | 18057 |
| 020 ## - ISBN | |
| ISBN | 53425134 |
| 040 ## - ΠΗΓΗ ΚΑΤΑΛΟΓΟΓΡΑΦΗΣΗΣ | |
| Φορέας πρωτότυπης καταλογογράφησης | MC Athens Campus Library |
| Γλώσσα καταλογογράφησης | Ελληνικά, Μοντέρνα (1453-) |
| Modifying agency | MC Athens Campus Library |
| Κανόνες περιγραφικής καταλογογράφησης | AACR2 |
| 245 1# - ΤΙΤΛΟΣ ΚΑΙ ΔΗΛΩΣΗ ΥΠΕΥΘΥΝΟΤΗΤΑΣ | |
| Τίτλος | Seeing Both Sides / Classic Controversies in Abnormal Psychology |
| 260 ## - PUBLICATION, DISTRIBUTION, ETC. | |
| Name of publisher, distributor, etc. | Brooks/Cole Publishing Company, |
| Date of publication, distribution, etc. | 1995 |
| 300 ## - PHYSICAL DESCRIPTION | |
| Extent | 498 |
| 520 ## - SUMMARY, ETC. | |
| Summary, etc. | This book gives you the tools to evaluate critically these and other, related questions throughout your life. Preface, Classification and Diagnosis, Is Mental Illness a Myth?, Are Mental Health Professionals Incapable of Distinguishing Abnormality from Normality?, Was DSM-III an Important Advance?, Is the Diagnostic System Biased Against Women?, Psychopathology: Its Characteristics and Causes, Does Schizophrenia Have a Substantial Genetic Component?, Can Anxiety and Depression Be Meaningfully Differentiated?, Does Evidence Support the ''Disease Model'' of Alcoholism?, Is Multiple Personality Disorder a Distinct Syndrome?, Is Borderline Personality Disorder a Diagnosis of Questionable Validity?, Is Sex Reassignment Surgery Ineffective in Improving the Adjustment of Transsexuals?, Is Childhood Depression an Imaginary Entity?, Psychological and Somatic Treatment, Is Psychotherapy Effective?, Is Cognitive-Behavioral Therapy an Important Advance Over Behavior Therapy?, Can Alcoholics Successfully Achieve Controlled Drinking?, Legal and Ethical Issues, Is Mental Illness Unrelated to Violence?, Index. |
| 700 1# - ΠΡΟΣΘΕΤΗ ΑΝΑΓΡΑΦΗ--ΦΥΣΙΚΟ ΠΡΟΣΩΠΟ | |
| Personal name | Lilienfeld Scott O. |
| 9 (RLIN) | 4346 |
| 942 ## - ADDED ENTRY ELEMENTS (KOHA) | |
| Koha item type | Books |
| Τύπος τεκμηρίου | Βιβλιοθήκη | Τρέχουσα τοποθεσία | Barcode | Αριθμός εισαγωγής | Ημερομηνία απόκτησης | Ταξιθετικό σύμβολο | Αριθμός αντιτύπου | Κατάσταση απόσυρσης | Κατάσταση χαμένου | Κατάσταση κατεστραμμένου | Μη δανεισμός | Σύνολο δανεισμών | Ημερομηνία τελευταίας εμφάνισης | Η τιμή ισχύει από |
|---|---|---|---|---|---|---|---|---|---|---|---|---|---|---|
| Books | MC Athens Campus Library | MC Athens Campus Library | 9780000034489 | 2238 | 05/06/2025 | 616.89 LIL | 1 | 05/06/2025 | 05/06/2025 |